|
|
|
|
| LEADER |
00000nab a2200000 ar4500 |
| 001 |
vtls009305156 |
| 003 |
SK-MaSNL |
| 005 |
20260303204053.0 |
| 008 |
180907c2008 xo wr|p|||||||000 b|slo |
| 038 |
|
|
|a PPPK
|
| 040 |
|
|
|a PPPKCL
|b slo
|c PPPKCL
|e AACR2
|
| 041 |
0 |
|
|a slo
|
| 044 |
|
|
|a xo
|c SK
|
| 080 |
|
|
|a 639.2.053.4
|2 2001
|
| 080 |
|
|
|a 502.51
|x (282)
|2 2001
|
| 080 |
|
|
|a 639.11
|2 2001
|
| 245 |
0 |
0 |
|a Zarybnili tatranské potoky
|c [autor] (plk)
|
| 648 |
|
7 |
|a 2008
|2 pppkcl
|9 317238
|
| 650 |
0 |
7 |
|a násady rýb
|2 pppkcl
|9 1028102
|
| 650 |
0 |
7 |
|a pstruh potočný
|2 pppkcl
|9 29480
|
| 651 |
|
7 |
|a Vysoké Tatry (Poľsko a Slovensko : pohorie)
|2 SNKPHgeo
|9 67729
|
| 651 |
|
7 |
|a Tatranský národný park (Slovensko)
|2 pppkcl
|9 106968
|
| 773 |
0 |
|
|t Podtatranské noviny
|g Roč. IL, č. 20 (2008), s. 2
|
| 852 |
|
|
|a PPPK
|b KIS3GCP
|
| 999 |
|
|
|c 2188342
|d 2190272
|